000 01957nam a2200469 c 4500
003 BLK
005 20250729112747.0
008 180408b bul|||||r ||||||| ||bul||
020 _a9786199287736
040 _aBLK
041 _aBUL
_cBUL
080 _aБългарска литература
_b821.163.2
_x-94
_z821.163.2-94
080 _aМузикални изпълнители (инструменталисти, певци), интерпретатори, диригенти
_b78.071.2
_x(497.2)(092)
_z78.071.2(497.2)(092)
080 _aБългарска естрадна певица
_b929 Христова, Йорданка
_z929 Христова, Йорданка
100 _aХристова, Йорданка
_d1943 -
_qИванова, Йорданка Христова
_9494065
139 _bХ 79
245 1 0 _aИзповед : автобиография в три тома
_bТ. 2. Песен моя, обич моя
_cЙорданка Христова
257 _aBGR
260 _bИзд. авт.
_c2024
_9219492
_aСофия
300 _a415 с.
_bс ил.
_c21 см
380 _aX
590 _aф
600 0 _aХристова, Йорданка
_9494065
650 4 _aПевци, български
_9262635
650 4 _aМузиканти, български - мемоари, спомени, интервюта
_9255674
650 4 _aЕстрадни изпълнители, български - спомени
_9266318
653 _aбългарски певци
653 _aбългарски музиканти
653 _aестрадни певци
653 _aбиографии
653 _aспомени
653 _aмемоари
856 4 _qpdf
856 4 _qpdf
942 _cKNG
_n0
_0104
944 _cНора Радева
_k30576
_lЦветомила Тодорова
999 _c535240
_d535240
999 _d535240
999 _d517396
999 _d517396
999 _d517396
999 _d517396